• 首页
  • 本馆介绍
  • 公告通知
  • 最新文献
  • 馆藏检索
  • 电子资源
  • 读者导购
  • 参考咨询
  • 我的图书馆
  • 登录
  • 详细信息显示
  • 放入我的书架
  • 预约/预借图书
  • 作者相关作品
  • 分类相关作品
  • 丛书相关作品
  • 出版社相关作品

书目信息

  • 表格格式
  • 工作单格式
  • 卡片格式
书名: Media ethics
作者: [edited by] Philip Patterson, Lee Wilkins.
分册号:
分册名:
出版地: Boston, Mass. :
 
出版社: McGraw Hill
出版时间: c2002.
页数: xviii, 314 p. :
开本: 23 cm.
丛书名:
中图分类号:
科图分类号:
其他分类号: G206.3
主题词:
电子资源: http://www.loc.gov/catdir/toc/mh031/2001030760.html      http://www.loc.gov/catdir/description/mh021/2001030760.html     
000 01307cam a22003134a 450
001 E0753740481
005 20070313150507.73
008 010320s2002 maua b 001 0 eng
010    @a2001030760
020    @a0072373881.
040    @aDLC@cDLC@dDLC
042    @apcc
050 00 @aP94@b.M36 2002
082 00 @a175 @2 21
090    @aG206.3
099    @dG206.3@ex4
245 00 @aMedia ethics :@bissues & cases / @c[edited by] Philip Patterson, Lee Wilkins.
250    @a4th ed.
260    @aBoston, Mass. :@bMcGraw Hill,@cc2002.
300    @axviii, 314 p. :@bill. ;@c23 cm.
504    @aIncludes bibliographical references (p. 296-306) and index.
650  0 @aMass media@xMoral and ethical aspects.
700 1  @aPatterson, Philip.
700 1  @aWilkins, Lee.
856 1  @3 Table of contents@uhttp://www.loc.gov/catdir/toc/mh031/2001030760.html
856 2  @3 Publisher description@uhttp://www.loc.gov/catdir/description/mh021/2001030760.html
906    @a7@bcbc@corignew@d1@eocip@f20@gy-gencatlg
925 0  @aacquire@b1 shelf copies@xpolicy default
955    @apc20 to sa00 03-20-01; HLCD 03-21-2001; HLCD lg12 03-21-2001 to le03/Slavic for subject; le03 03-22-01; le28 to Dewey 03-22-01; aa15 03-22-01@aps16 2001-08-08 bk rec’d, to CIP ver.@flg04 2001-08-21@glg15 2001-10-16 to BCCD
    
    Media ethics : : issues & cases / / [edited by] Philip Patterson, Lee Wilkins.-4th ed.-Boston, Mass. : : McGraw Hill, , c2002.
    xviii, 314 p. : : ill. ; ; 23 cm.
    Includes bibliographical references (p. 296-306) and index.
    
    ISBN 0072373881.
    
●
相关链接 在E读中查询图书 在五车中查询图书 在当当中查询图书 在豆瓣中查询图书


正题名:Media ethics     索取号:G206.3/x4         预约/预借

序号 登录号 条形码 馆藏地/架位号 状态 备注
1 0001651   300016514   第二样本阅览室/ [索取号:G206.3/x4] 在馆    
2 0001856   300018567   第四借阅区/ [索取号:G206.3/x4] 在馆    
唐山师范学院图书馆 欢迎您!
大连网信软件有限公司© 版权所有